LIBRARY ONLINE CATALOGUE

The universe next door : (Record no. 20044)

MARC details
000 -LEADER
fixed length control field 01780cam a2200361 i 4500
001 - CONTROL NUMBER
control field 21724365
003 - CONTROL NUMBER IDENTIFIER
control field OSt
005 - DATE AND TIME OF LATEST TRANSACTION
control field 20230310104701.0
008 - FIXED-LENGTH DATA ELEMENTS--GENERAL INFORMATION
fixed length control field 200921s2020 ilu b 001 0 eng
010 ## - LIBRARY OF CONGRESS CONTROL NUMBER
LC control number 2020022445
020 ## - INTERNATIONAL STANDARD BOOK NUMBER
International Standard Book Number 9780830849383
040 ## - CATALOGING SOURCE
Original cataloging agency DLC
Language of cataloging eng
Transcribing agency DLC
Description conventions rda
Modifying agency DLC
042 ## - AUTHENTICATION CODE
Authentication code pcc
050 00 - LIBRARY OF CONGRESS CALL NUMBER
Classification number B823.3
Item number .S56 2020
100 1# - MAIN ENTRY--PERSONAL NAME
Personal name Sire, James W.,
Relator term author.
245 14 - TITLE STATEMENT
Title The universe next door :
Remainder of title a basic worldview catalog /
Statement of responsibility, etc. James W. Sire ; foreword to the sixth edition by Jim Hoover.
250 ## - EDITION STATEMENT
Edition statement 6th ed.
264 #1 - PRODUCTION, PUBLICATION, DISTRIBUTION, MANUFACTURE, AND COPYRIGHT NOTICE
Place of production, publication, distribution, manufacture Downers Grove, Illinois :
Name of producer, publisher, distributor, manufacturer IVP Academic, an imprint of InterVarsity Press,
Date of production, publication, distribution, manufacture, or copyright notice 2020
300 ## - PHYSICAL DESCRIPTION
Extent xv, 294 p.
336 ## - CONTENT TYPE
Content type term text
Content type code txt
Source rdacontent
337 ## - MEDIA TYPE
Media type term unmediated
Media type code n
Source rdamedia
338 ## - CARRIER TYPE
Carrier type term volume
Carrier type code nc
Source rdacarrier
504 ## - BIBLIOGRAPHY, ETC. NOTE
Bibliography, etc Includes bibliographical references and index.
520 ## - SUMMARY, ETC.
Summary, etc. "For more than forty years, The Universe Next Door has set the standard for an introduction to worldviews. This sixth edition uses James Sire's widely influential model of eight basic worldview questions to examine prominent worldviews that have shaped the Western world, critiquing each worldview within its own frame of reference and in comparison to others"--
Assigning source Provided by publisher.
650 #0 - SUBJECT ADDED ENTRY--TOPICAL TERM
Topical term or geographic name as entry element Ideology.
650 #0 - SUBJECT ADDED ENTRY--TOPICAL TERM
Topical term or geographic name as entry element Apologetics.
650 #0 - SUBJECT ADDED ENTRY--TOPICAL TERM
Topical term or geographic name as entry element Theology, Doctrinal
Form subdivision Popular works.
650 #0 - SUBJECT ADDED ENTRY--TOPICAL TERM
Topical term or geographic name as entry element Ideology
General subdivision Religious aspects
-- Christianity.
776 08 - ADDITIONAL PHYSICAL FORM ENTRY
Relationship information Online version:
Main entry heading Sire, James W.
Title The universe next door
Edition Sixth edition.
Place, publisher, and date of publication Downers Grove, Illinois : IVP Academic, an imprint of InterVarsity Press, 2020.
International Standard Book Number 9780830849390
Record control number (DLC) 2020022446
906 ## - LOCAL DATA ELEMENT F, LDF (RLIN)
a 7
b cbc
c orignew
d 1
e ecip
f 20
g y-gencatlg
942 ## - ADDED ENTRY ELEMENTS (KOHA)
Source of classification or shelving scheme Library of Congress Classification
Koha item type General Collection
Holdings
Withdrawn status Lost status Source of classification or shelving scheme Not for loan Home library Current library Date acquired Cost, normal purchase price Total Checkouts Full call number Barcode Date last seen Date last checked out Price effective from Koha item type
    Library of Congress Classification   Kabarak, Main Campus Kabarak, Main Campus 10/03/2023 3728.00 3 B823.3 .S56 2020 c.1 34779 02/08/2024 01/03/2024 10/03/2023 General Collection